The Reader's digest complete guide to home improvements : ideas for the home,buying and planning,techniques,tool and material
| Format: | Book |
|---|---|
| Published: |
Sydney :
Reader's Digest ,
1990
|
| Subjects: |
MARC
| LEADER | 00000cam a2200000 7i4500 | ||
|---|---|---|---|
| 001 | 0000002084 | ||
| 002 | 000002278 | ||
| 005 | 20000330.0 | ||
| 020 | |a 0864381204 | ||
| 090 | 0 | 0 | |a 643.7 |b REA |
| 245 | 0 | 4 | |a The Reader's digest complete guide to home improvements : |b ideas for the home,buying and planning,techniques,tool and material |
| 260 | |a Sydney : |b Reader's Digest , |c 1990 | ||
| 300 | |a 448p. : |b ill. ; |c 31cm. | ||
| 650 | 0 | 0 | |a Dwellings |x Remodelling |x Handbooks,manuals,etc |
| 999 | |a 028199 |b BUKU |c PINJAMAN |e PERPUSTAKAAN KOMUNITI PETALING JAYA | ||